THE DONKEY AND THE GOAT (Record no. 6849)
[ view plain ]
| 000 -LEADER | |
|---|---|
| fixed length control field | 00596nam a22001457a 4500 |
| 020 ## - INTERNATIONAL STANDARD BOOK NUMBER | |
| ISBN | 978-93-83876-34-1 |
| 082 ## - DEWEY DECIMAL CLASSIFICATION NUMBER | |
| Classification number | 823 |
| Item number | AMR/D |
| 100 ## - MAIN ENTRY--AUTHOR NAME | |
| Personal name | AMRITHA ; SANGEETHA |
| 245 ## - TITLE STATEMENT | |
| Title | THE DONKEY AND THE GOAT |
| 260 ## - PUBLICATION, DISTRIBUTION, ETC. (IMPRINT) | |
| Place of publication | THRISSUR |
| Name of publisher | H & C PUBLISHING HOUSE |
| Year of publication | 2022 |
| 300 ## - PHYSICAL DESCRIPTION | |
| Number of Pages | 48 |
| 520 ## - SUMMARY, ETC. | |
| Summary, etc | The donkey was badly injured because of falling in the ditch. When a doctor was called, the doctor said, “I need to make a potion to treat the donkey. The main ingredient of the potion is the lungs of a goat”. Thus the goat was promptly killed to cure the donkey. |
| 650 ## - SUBJECT ADDED ENTRY--TOPICAL TERM | |
| Topical Term | SHORT STORY |
| 942 ## - ADDED ENTRY ELEMENTS (KOHA) | |
| Koha item type | Books |
| Withdrawn status | Lost status | Collection code | Home library | Current library | Shelving location | Date acquired | Source of acquisition | Cost, normal purchase price | Full call number | Accession Number | Koha item type |
|---|---|---|---|---|---|---|---|---|---|---|---|
| Fiction | Main Library | Main Library | SHELF 4-E RCHIE & ILLUSTRATED CLASSICS | 26/10/2023 | Purchase | 40.00 | 823 AMR/D | 13027 | Books |